Airlines anhand ihrer Logos erraten - Statistiken

Allgemein
  • Dieses Quiz wurde 897 mal gespielt
  • Das Durchschnittsergebnis liegt bei 8 aus 12
Antwortstatistiken
Bildquiz Antwort % Korrekt
Lufthansa
100%
Swiss
94%
KLM
78%
Ryanair
77%
Emirates
75%
Air Canada
71%
Turkish Airlines
69%
British Airways
58%
American Airlines
55%
Thai Airways
50%
South African Airways
41%
Japan Airlines
39%
Keine übereinstimmenden Quizze gefunden
Verteilung der Resultate
Anzahl Personen mit jedem Resultat
Perzentil nach korrekt beantworteten Fragen
Ihre Resultats-Entwicklung
Sie haben dieses Quiz noch nicht gespielt